Land vs. Land #115 - Statistiken

Allgemein
  • Dieses Quiz wurde 16 mal gespielt
  • Das Durchschnittsergebnis liegt bei 12 aus 14
Antwortstatistiken
Frage Antwort % Korrekt
...Bruttoinlandsprodukt? Italien🇮🇹
92%
...Bruttoinlandsprodukt pro Kopf? Italien🇮🇹
92%
...Tourismus? Italien🇮🇹
92%
...HDI (Human Development Index)? Italien🇮🇹
92%
...Gesundheitswesen? Italien🇮🇹
92%
...Frieden? Italien🇮🇹
92%
...durchschnittlicher IQ? Italien🇮🇹
92%
...Exportmengen? Italien🇮🇹
92%
...Gewinner? Italien🇮🇹
92%
...Fläche? Tschad🇹🇩
92%
...Happy Planet Index? Italien🇮🇹
85%
...Lebenserwartung? Italien🇮🇹
85%
...Einwohner? Italien🇮🇹
77%
...Militär? Italien🇮🇹
77%
Keine übereinstimmenden Quizze gefunden
Verteilung der Resultate
Anzahl Personen mit jedem Resultat
Perzentil nach korrekt beantworteten Fragen
Ihre Resultats-Entwicklung
Sie haben dieses Quiz noch nicht gespielt